| 000 | 01115nam a2200277 a 4500 | ||
|---|---|---|---|
| 001 | ebr10476340 | ||
| 003 | CaPaEBR | ||
| 006 | m u | ||
| 007 | cr cn||||||||| | ||
| 008 | 110622t20112010enkad sb 001 0 eng d | ||
| 020 | _z9781847354556 (hardback) | ||
| 020 | _z9781847354563 (e-book) | ||
| 040 |
_aCaPaEBR _cCaPaEBR |
||
| 035 | _a(OCoLC)729167100 | ||
| 050 | 1 | 4 |
_aTP156.E8 _bF45 2011eb |
| 100 | 1 | _aFeilden, Andrew. | |
| 245 | 1 | 0 |
_aUpdate on undertaking extractable and leachable testing _h[electronic resource] / _cAndrew Feilden. |
| 260 |
_aShrewsbury [England] : _biSmithers, _c2011, c2010. |
||
| 300 |
_ax, 168 p. : _bill. |
||
| 504 | _aIncludes bibliographical references and index. | ||
| 533 |
_aElectronic reproduction. _bPalo Alto, Calif. : _cebrary, _d2011. _nAvailable via World Wide Web. _nAccess may be limited to ebrary affiliated libraries. |
||
| 650 | 0 | _aExtraction (Chemistry) | |
| 655 | 7 |
_aElectronic books. _2local |
|
| 710 | 2 | _aebrary, Inc. | |
| 856 | 4 | 0 |
_uhttp://site.ebrary.com/lib/rucke/Doc?id=10476340 _zAn electronic book accessible through the World Wide Web; click to view |
| 999 |
_c115263 _d115263 |
||